| 000 | 01104nam a2200289 i 4500 | ||
|---|---|---|---|
| 001 | 8662 | ||
| 003 | KOSZ 005 | ||
| 005 | 20220728135317.0 | ||
| 008 | 070726s1970 pl a f 000 0 pol | ||
| 015 | _aPB 1970/6545 | ||
| 040 |
_aWA N _cKOSZ 005/RW _dKOSZ 005/RW |
||
| 080 | _a62.001:331-057 | ||
| 100 | 1 |
_aKról, Henryk _d(1932-2014). _eAutor |
|
| 245 | 1 | 0 |
_aPostęp techniczny a kwalifikacje : _bwpływ postępu technicznego na potrzeby kadrowe przemysłu / _cHenryk Król. |
| 260 |
_aWarszawa : _b"Książka i Wiedza", _c1970. |
||
| 300 |
_a348, [4] s. : _bil. ; _c23 cm. |
||
| 380 | _aKsiążki. | ||
| 490 | 1 | _aBiblioteka Nauki o Pracy. | |
| 504 | _aBibliogr. s. [333]-336. | ||
| 650 | 4 |
_aKadry _xprzemysł _xpolityka. |
|
| 650 | 4 |
_aPostęp techniczny _xprzemysł |
|
| 650 | 4 |
_aPrzemysł _xzatrudnienie. |
|
| 710 | 2 |
_aSpółdzielnia Wydawniczo-Handlowa "Książka i Wiedza" _4pbl. |
|
| 856 |
_uhttp://koha.tu.koszalin.pl/cgi-bin/koha/opac-detail.pl?biblionumber=8662 _yKatalog online BPK |
||
| 830 | 0 | _aBiblioteka Nauki o Pracy | |
| 942 |
_2UKD _cKS |
||
| 999 |
_c8662 _d8662 |
||